Datum a čas kvízu
37.5
Celkem bodů
Celkový počet nahraných bodů na tomto kvízu bez doplňovacích otázek.
7.
Pořadí na kvízu
Konečné umístění týmu na tomto kvízu.
Zaznamenané odpovědi
| # | Otázka | Odpověď | Body | Výsledky |
|---|---|---|---|---|
| 1. | Sněmovna schválila minulý týde... | tři přihlášky | 1 | |
| 2. | Poměrně neobvyklé záběry se do... | ve Španělsku | 1 | |
| 3. | Ve čtvrtek měl v Hudebním diva... | Anděl Páně | 1 | |
| 4. | Která dvě křestní jména (jedno... | Eliška, Jakub | 1 | |
| 5. | Fotbalisté Barcelony nastoupil... | Rolling Stones. | 0 | |
| 6. | Naše téma nezačneme v kurníku,... | Fabergého vejce | 1 | |
| 7. | Barvíte velikonoční vajíčka? T... | 1C 2B 3A 4D | 0 | |
| 8. | Která z vajec na obrázku snesl... | B | 1 | |
| 9. | Ze kterého animovaného filmu z... | ze Slepičího úletu | 1 | |
| 10. | Vyberte nepravdivé tvrzení. | C | 0 |